01504nam a2200325Ia 4500001001200000003000800012006001900020007001500039008004100054020001500095040002100110035002000131050002200151245023700173260013600410300001500546504004100561533015200602610004300754650003800797650003500835651003600870655002900906700002300935700003700958700002300995710001701018856012601035999001701161ebr10064793CaPaEBRm u cr cn|||||||||040317s2004 nyu sb 000 0 eng d z0876093411 aCaPaEBRcCaPaEBR a(OCoLC)7074797014aU795b.N65 2004eb00aNonlethal weapons and capabilitiesh[electronic resource] :breport of an independent task force sponsored by the Council on Foreign Relations /cGraham T. Allison and Paul X. Kelley, co-chairs ; Richard L. Garwin, project director. aNew York, NY :bCouncil on Foreign Relations Press ;a[Washington, D.C. :bDistributed by the Brookings Institution Press],cc2004. avii, 63 p. aIncludes bibliographical references. aElectronic reproduction.bPalo Alto, Calif. :cebrary,d2009.nAvailable via World Wide Web.nAccess may be limited to ebrary affiliated libraries.10aUnited States.bArmyxWeapons systems. 0aNonlethal weaponszUnited States. 0aPeacekeeping forces, American. 0aUnited StatesxMilitary policy. 7aElectronic books.2local1 aAllison, Graham T.1 aKelley, P. X.q(Paul X.),d1928-1 aGarwin, Richard L.2 aebrary, Inc.40uhttp://site.ebrary.com/lib/rucke/Doc?id=10064793zAn electronic book accessible through the World Wide Web; click to view c48284d48284